[Event "Tournoi Skype 015A"]
[Site "Skype"]
[Date "????.??.??"]
[Round "5.18"]
[White "Mulrooney, Justin"]
[Black "L'Herbon De Lussats, Jean"]
[Result "1-0"]
[WhiteElo "1663"]
[BlackElo "1466"]
[PlyCount "75"]

1. d4 Nf6 2. c4 c5 3. e3 e6 4. Nf3 Nc6 5. Nc3 cxd4 6. exd4 Bb4 7. Be3 Ne4 8.
Qc2 d5 9. Bd3 Bxc3+ 10. bxc3 f5 11. O-O O-O 12. a3 Qc7 13. cxd5 exd5 14. c4 Be6
15. Rac1 f4 16. cxd5 Bxd5 17. Bxe4 Bxe4 18. Qxe4 fxe3 19. fxe3 Rae8 20. Qd3 Qe7
21. Rfe1 Rf6 22. e4 Ref8 23. e5 Rf4 24. d5 Nd8 25. d6 Qe6 26. Ng5 Qg6 27. Qd5+
Kh8 28. e6 R4f5 29. e7 Re8 30. Qd2 Qxg5 31. Qxg5 Rxg5 32. d7 Rg8 33. e8=Q Nc6
34. Rxc6 h6 35. d8=Q Rxe8 36. Rxe8+ Kh7 37. Qd3+ Rg6 38. Qxg6# 1-0

[Event "Tournoi Skype 015A"]
[Site "Skype"]
[Date "????.??.??"]
[Round "5.20"]
[White "Murgia, Stefano"]
[Black "Saponara, Jose Maria"]
[Result "1-0"]
[WhiteElo "1691"]
[BlackElo "1482"]
[PlyCount "69"]

1. e4 c6 2. d4 d5 3. Nd2 dxe4 4. Nxe4 Nd7 5. Ng5 h6 6. Ne6 Qb6 7. Nxf8 Nxf8 8.
Nf3 Nf6 9. Be2 Ne6 10. c3 O-O 11. O-O Nc7 12. Qc2 Bg4 13. c4 c5 14. dxc5 Qxc5
15. Be3 Qh5 16. Rad1 b6 17. Rd2 e5 18. h3 Bf5 19. Qd1 Be4 20. Ng5 Qg6 21. Nxe4
Nxe4 22. Rd7 Ne6 23. b4 Rfd8 24. Bf3 Rac8 25. c5 bxc5 26. Bxe4 Qxe4 27. bxc5
Qc6 28. Rd6 Rxd6 29. cxd6 Qd7 30. Qd5 f6 31. Rb1 Kf8 32. Rb7 Qc6 33. d7 Rc7 34.
Qxe6 Qxe6 35. d8=Q+ 1-0

[Event "Tournoi Skype 015A"]
[Site "Skype"]
[Date "????.??.??"]
[Round "5.21"]
[White "Perez Fermin, Jose"]
[Black "Bendre, Pankaj"]
[Result "1-0"]
[WhiteElo "1622"]
[BlackElo "1672"]
[PlyCount "47"]

1. e4 c5 2. Nf3 d6 3. d4 cxd4 4. Nxd4 Nf6 5. Nc3 g6 6. f3 Bg7 7. Be3 O-O 8. Qd2
Nc6 9. g4 Qa5 10. h4 Bd7 11. Bc4 Rac8 12. Nb3 Qd8 13. h5 Ne5 14. Be2 a6 15.
hxg6 fxg6 16. Bh6 Be6 17. Nd4 Bf7 18. O-O-O Nc4 19. Bxc4 Bxc4 20. Bxg7 Kxg7 21.
Qh6+ Kg8 22. e5 dxe5 23. Ne6 Qa5 24. Qg7# 1-0

[Event "Tournoi Skype 015A"]
[Site "Skype"]
[Date "????.??.??"]
[Round "5.22"]
[White "Mordaa, Ahmad"]
[Black "Trivedi, Viral"]
[Result "0-1"]
[WhiteElo "1418"]
[BlackElo "1551"]
[PlyCount "26"]

1. e4 e5 2. Nf3 Nc6 3. Bc4 Nd4 4. Nxd4 exd4 5. c3 dxc3 6. Nxc3 Bc5 7. d3 Nf6 8.
O-O d6 9. h3 h5 10. Re1 Bg4 11. hxg4 Nxg4 12. d4 Qh4 13. Kf1 Qxf2# 0-1

[Event "Tournoi Skype 015A"]
[Site "Skype"]
[Date "????.??.??"]
[Round "5.23"]
[White "Fouquereau, Andre"]
[Black "Bourdeau, Yvan"]
[Result "1-0"]
[WhiteElo "1515"]
[BlackElo "1642"]
[PlyCount "82"]

1. e4 c5 2. c3 Nc6 3. Nf3 d6 4. Bb5 Qc7 5. d4 Bd7 6. O-O a6 7. Bxc6 Bxc6 8. d5
Bd7 9. Bf4 e5 10. dxe6 Bxe6 11. Re1 O-O-O 12. Qc2 f6 13. Nbd2 Ne7 14. Rac1 Ng6
15. Bg3 Be7 16. c4 Ne5 17. a3 Rd7 18. Re3 b5 19. Nxe5 dxe5 20. cxb5 axb5 21.
Rc3 c4 22. a4 Bb4 23. axb5 Bxc3 24. Qxc3 Rhd8 25. h3 Rxd2 26. Kh2 Qb7 27. Qb4
Qb6 28. b3 Rb2 29. Rc3 Rd7 30. Re3 Kb7 31. Qa4 Rxb3 32. Rxb3 cxb3 33. f3 b2 34.
Qb4 Qd4 35. Qe1 Ba2 36. Bf2 Qxf2 37. Qxf2 b1=Q 38. Qc5 Rc7 39. Qe7 Rxe7 40. Kg3
h5 41. Kh4 g5+ 1-0

[Event "Tournoi Skype 015A"]
[Site "Skype"]
[Date "????.??.??"]
[Round "5.24"]
[White "Loyarte, Frederic"]
[Black "Montenegro, Juan Carlos"]
[Result "0-1"]
[WhiteElo "1538"]
[BlackElo "1499"]
[PlyCount "42"]

1. d4 e6 2. e4 d5 3. Nc3 Bb4 4. e5 Ne7 5. Bd3 Nbc6 6. Nge2 h6 7. Bd2 a6 8. Na4
Bxd2+ 9. Qxd2 b6 10. O-O Bd7 11. c4 Nxd4 12. Nxd4 Bxa4 13. b3 dxc4 14. Be4 Bc6
15. Rad1 Bxe4 16. bxc4 O-O 17. f3 Bb7 18. Qe3 Qb8 19. Rd2 Rd8 20. Rfd1 c5 21.
Nxe6 Rxd2 0-1

[Event "Tournoi Skype 015A"]
[Site "Skype"]
[Date "????.??.??"]
[Round "5.25"]
[White "Leost, Joel"]
[Black "Antonic, Nenad"]
[Result "0-1"]
[WhiteElo "1497"]
[BlackElo "1527"]
[PlyCount "72"]

1. e4 c6 2. d4 d5 3. c4 dxe4 4. Nc3 Nf6 5. Bg5 Bf5 6. Qd2 Nbd7 7. O-O-O e6 8.
Nge2 Bb4 9. Qe3 Nb6 10. Ng3 Bg6 11. Ncxe4 h6 12. Bh4 Be7 13. Bxf6 gxf6 14. Bd3
f5 15. Nd2 f4 16. Qxf4 Bxd3 17. Qe5 Bf6 18. Qc5 Qxd4 19. Qxd4 Bxd4 20. b3 Bg6
21. Nde4 Rd8 22. h4 f5 23. Nd2 Bxf2 24. Rh3 Be3 25. h5 Bxd2+ 26. Rxd2 Rxd2 27.
Kxd2 Bf7 28. Ne2 Nd7 29. Re3 O-O 30. Rg3+ Kh7 31. Nf4 Rg8 32. Rxg8 Kxg8 33. Ke3
e5 34. Ng6 Bxg6 35. hxg6 Kg7 36. g3 Kxg6 0-1

[Event "Tournoi Skype 015A"]
[Site "Skype"]
[Date "????.??.??"]
[Round "5.26"]
[White "Malbec, Robert"]
[Black "Meaney, Mike"]
[Result "1-0"]
[WhiteElo "1510"]
[BlackElo "1476"]
[PlyCount "67"]

1. e4 e6 2. d4 d5 3. Nc3 dxe4 4. Nxe4 Bd7 5. Nf3 Bc6 6. Bd3 h6 7. c3 Nd7 8. O-O
Bxe4 9. Bxe4 c6 10. a4 Ngf6 11. Bc2 Bd6 12. b3 Qc7 13. Re1 Ng4 14. g3 Ndf6 15.
Ba3 Nxf2 16. Kxf2 Ng4+ 17. Kg2 h5 18. Bxd6 Qxd6 19. h3 Nf6 20. Ne5 Qd5+ 21. Be4
Nxe4 22. c4 Nc3+ 23. cxd5 Nxd1 24. Raxd1 cxd5 25. Rc1 O-O 26. Rc7 b6 27. Rec1
f6 28. Ng6 Rfe8 29. h4 e5 30. dxe5 fxe5 31. Ne7+ Kf8 32. Nxd5 Red8 33. Rf1+ Ke8
34. Re7# 1-0

[Event "Tournoi Skype 015A"]
[Site "Skype"]
[Date "????.??.??"]
[Round "5.27"]
[White "Aranzubia, Desiderio"]
[Black "Carballo, Jorge"]
[Result "1-0"]
[WhiteElo "1499"]
[BlackElo "1691"]
[PlyCount "93"]

1. d4 Nf6 2. c4 c5 3. Nf3 e6 4. Nc3 d5 5. dxc5 Bxc5 6. a3 Nc6 7. b4 Bd6 8. cxd5
exd5 9. Nxd5 Nxd5 10. e3 Bg4 11. Be2 O-O 12. O-O Nf4 13. exf4 Re8 14. Re1 Qe7
15. Be3 Rad8 16. Qc2 Qe4 17. Bd3 Qe6 18. Ng5 Qh6 19. Bxh7+ Kf8 20. Bf5 Bxf5 21.
Qxf5 Qg6 22. Qxg6 fxg6 23. g3 Be7 24. Ne6+ Kg8 25. Nxd8 Rxd8 26. Rad1 Rc8 27.
Bxa7 Bxb4 28. axb4 Nxa7 29. Re7 Nc6 30. Rxb7 Nd8 31. Rbd7 Ne6 32. R1d6 Rc1+ 33.
Kg2 Nc7 34. Rd8+ Kh7 35. Rc8 Rc3 36. Rd7 Nb5 37. Rxc3 Nxc3 38. Rd3 Nb5 39. Rd5
Nc7 40. Rc5 Na6 41. Rb5 Nc7 42. Rb7 Ne8 43. b5 Nd6 44. Rb6 Nc8 45. Rb8 Nd6 46.
b6 Kh6 47. Rh8# 1-0

[Event "Tournoi Skype 015A"]
[Site "Skype"]
[Date "????.??.??"]
[Round "5.28"]
[White "Grimwood, Robert"]
[Black "Yardimci, Ertan"]
[Result "0-1"]
[WhiteElo "1491"]
[BlackElo "1515"]
[PlyCount "102"]

1. e4 e6 2. d4 d5 3. e5 c5 4. c3 Nc6 5. Nf3 Bd7 6. Bd3 Qb6 7. Bc2 cxd4 8. cxd4
Nge7 9. a3 Ng6 10. Nc3 Be7 11. O-O O-O 12. Rb1 f6 13. Re1 Rac8 14. Na4 Qc7 15.
b4 fxe5 16. Bxg6 hxg6 17. dxe5 b5 18. Nc5 Nb8 19. Nxd7 Nxd7 20. Bg5 Rce8 21.
Bxe7 Rxe7 22. Rc1 Qb8 23. h3 Nb6 24. Qd3 Qe8 25. Nh4 Kh7 26. Rc5 Qf7 27. Nf3 a6
28. Rc2 Qf5 29. Qxf5 gxf5 30. Kf1 Nc4 31. Rc3 Kh6 32. Re2 g5 33. Nd4 Rc8 34.
Ke1 Kg6 35. f3 Rh8 36. Kf2 f4 37. Kg1 Ree8 38. Kf2 Rh6 39. Kg1 Kf7 40. Kh2 Rg8
41. Kg1 Rgh8 42. Kh2 Rh5 43. Kg1 R5h6 44. Kh2 Rg8 45. Kg1 Rh7 46. Kh2 g4 47.
fxg4 Rxg4 48. Kg1 Rg5 49. Kh2 Rh6 50. Nf3 Rg3 51. Nh4 Rxc3 0-1

[Event "Tournoi Skype 015A"]
[Site "Skype"]
[Date "????.??.??"]
[Round "6.1"]
[White "Donmez, Unal"]
[Black "Hervais, Adrien"]
[Result "0-1"]
[WhiteElo "1895"]
[BlackElo "1945"]
[PlyCount "52"]

1. e4 e6 2. d4 d5 3. Nc3 Nf6 4. Bg5 Bb4 5. e5 h6 6. Bd2 Bxc3 7. Bxc3 Ne4 8. Bb4
c5 9. dxc5 Nxf2 10. Qd4 Nxh1 11. Qg4 Qg5 12. Qd4 Nc6 13. Bb5 Qxg2 14. O-O-O Bd7
15. Bxc6 Bxc6 16. Ba5 Nf2 17. Re1 Ne4 18. Re2 Qf1+ 19. Re1 Qf2 20. Rxe4 Qxh2
21. Rg4 g6 22. Bc7 h5 23. Rh4 Qg2 24. Rf4 h4 25. Bd6 h3 26. Rh4 Qg5+ 0-1

[Event "Tournoi Skype 015A"]
[Site "Skype"]
[Date "????.??.??"]
[Round "6.3"]
[White "Legueltel, Daniel"]
[Black "Hilton, Stephen"]
[Result "0-1"]
[WhiteElo "1698"]
[BlackElo "1910"]
[PlyCount "76"]

1. d4 Nf6 2. c4 g6 3. Nc3 d5 4. cxd5 Nxd5 5. e4 Nxc3 6. bxc3 Bg7 7. Bc4 O-O 8.
Ne2 c5 9. O-O Nc6 10. Be3 Qc7 11. Rc1 Rd8 12. Qd2 Qa5 13. Rfd1 cxd4 14. cxd4
Qxd2 15. Rxd2 Bd7 16. f4 Rac8 17. d5 Na5 18. Bd3 Rxc1+ 19. Nxc1 Rc8 20. Ne2 b6
21. Nd4 Nc4 22. Bxc4 Rxc4 23. e5 h5 24. d6 exd6 25. exd6 Bxd4 26. Bxd4 f5 27.
g3 Kf7 28. Be5 Ke6 29. Kf2 Bc6 30. Ke3 Re4+ 31. Kd3 Kd7 32. Rc2 Ra4 33. Kc3 Be4
34. Rd2 Ra3+ 35. Kb4 Ra5 36. a3 Rc5 37. Rb2 Bc2 38. Bd4 a5# 0-1

[Event "Tournoi Skype 015A"]
[Site "Skype"]
[Date "????.??.??"]
[Round "6.4"]
[White "Jacquelin, Norbert"]
[Black "Patra Kumar, Subhendu"]
[Result "1-0"]
[WhiteElo "1877"]
[BlackElo "1853"]
[PlyCount "159"]

1. e4 c5 2. Nc3 Nc6 3. g3 g6 4. Bg2 Bg7 5. d3 e6 6. Be3 d6 7. Qd2 Nge7 8. Nge2
O-O 9. O-O Rb8 10. a4 Nd4 11. Ra2 Nec6 12. Rc1 a6 13. Nd1 Nxe2+ 14. Qxe2 b5 15.
axb5 axb5 16. c3 Bb7 17. Qd2 Ne5 18. h3 Qc7 19. f4 Nc6 20. d4 c4 21. f5 Na5 22.
Qf2 exf5 23. exf5 Bxg2 24. Qxg2 Nb3 25. Rc2 Qb7 26. Qxb7 Rxb7 27. Rf2 Re8 28.
f6 Bf8 29. g4 d5 30. Kg2 Bd6 31. Ra6 Bb8 32. h4 Ra7 33. Rxa7 Bxa7 34. Bf4 Re4
35. Kf3 Re8 36. Be5 Nc1 37. Ne3 Nd3 38. Rd2 Nxe5+ 39. dxe5 Bxe3 40. Kxe3 Rxe5+
41. Kf3 h5 42. gxh5 Rxh5 43. Rd4 Rf5+ 44. Kg4 Rxf6 45. Rxd5 Rb6 46. Rc5 Kg7 47.
h5 gxh5+ 48. Kxh5 Kf6 49. Kg4 Ke6 50. Kf4 Kd6 51. Rf5 Ke6 52. Ke4 b4 53. Rc5
bxc3 54. bxc3 Rb1 55. Rxc4 f5+ 56. Kf3 Kf6 57. Rc5 Kg5 58. Rc4 Rf1+ 59. Ke2 Rh1
60. Rc8 Kg4 61. Rg8+ Kf4 62. Re8 Rh2+ 63. Kd3 Kg4 64. Rg8+ Kf3 65. c4 f4 66. c5
Rh1 67. c6 Rc1 68. Rg6 Kf2 69. Kd2 Rc5 70. Rf6 f3 71. Rg6 Rd5+ 72. Kc3 Rf5 73.
Kd2 Kf1 74. c7 Rf8 75. Rf6 Rxf6 76. c8=Q f2 77. Qh3+ Kg1 78. Qg3+ Kh1 79. Qh4+
Kg2 80. Qg5+ 1-0

[Event "Tournoi Skype 015A"]
[Site "Skype"]
[Date "????.??.??"]
[Round "6.5"]
[White "Yuvarlak, Ugur"]
[Black "Plourde, Alain"]
[Result "1/2-1/2"]
[WhiteElo "1870"]
[BlackElo "1849"]
[PlyCount "85"]

1. e4 e6 2. d3 d5 3. Nd2 Nf6 4. Ngf3 c5 5. g3 Nc6 6. Bg2 Be7 7. O-O O-O 8. Re1
Qc7 9. Nf1 d4 10. e5 Nd7 11. Qe2 h6 12. h4 f6 13. exf6 Nxf6 14. N3d2 e5 15. Nc4
Bg4 16. f3 Bh5 17. g4 Bf7 18. Nxe5 Nxe5 19. Qxe5 Bd6 20. Qe2 Rae8 21. Qf2 Bd5
22. Rxe8 Nxe8 23. f4 Bxg2 24. Qxg2 Bxf4 25. Bxf4 Qxf4 26. Qg3 Qxg3+ 27. Nxg3
Rf4 28. Re1 Kf7 29. Re4 Rxe4 30. Nxe4 b6 31. Kg2 Ke6 32. Kf3 Nc7 33. g5 h5 34.
Ng3 g6 35. Ne2 Ne8 36. Nf4+ Kf5 37. Nd5 Ke6 38. Nf4+ Kf5 39. a4 Nd6 40. Nd5 Ke6
41. Nf4+ Kf7 42. Ng2 Ke6 43. Nf4+ 1/2-1/2

[Event "Tournoi Skype 015A"]
[Site "Skype"]
[Date "????.??.??"]
[Round "6.6"]
[White "Lambert, Pierre"]
[Black "Deville, Olivier"]
[Result "0-1"]
[WhiteElo "1843"]
[BlackElo "1845"]
[PlyCount "85"]

1. e4 c5 2. Nf3 d6 3. Bb5+ Nd7 4. O-O Ngf6 5. Re1 a6 6. Bxd7+ Nxd7 7. d4 e6 8.
c4 cxd4 9. Qxd4 Qc7 10. Nc3 Ne5 11. Nxe5 dxe5 12. Qd3 Be7 13. Bd2 O-O 14. Qg3
Kh8 15. Rac1 b6 16. Be3 Bd7 17. Red1 Rfd8 18. h3 Be8 19. Bg5 Bxg5 20. Qxg5 f6
21. Qg4 Qc6 22. b3 Rd4 23. Rxd4 exd4 24. Ne2 e5 25. Ng3 Bg6 26. Rd1 b5 27. cxb5
axb5 28. h4 Qc8 29. Qe2 Qc5 30. h5 Be8 31. Nf5 Bd7 32. Ne3 Be6 33. Ng4 Bxg4 34.
Qxg4 Rxa2 35. Rd3 Qc2 36. Rg3 Ra7 37. Qe6 Ra8 38. Qf7 Qc1+ 39. Kh2 Qh6 40. b4
g5 41. Rf3 Rf8 42. Qe7 g4 43. Kg1 0-1

[Event "Tournoi Skype 015A"]
[Site "Skype"]
[Date "????.??.??"]
[Round "6.7"]
[White "Megelas, Florent"]
[Black "Elias, Roberto"]
[Result "0-1"]
[WhiteElo "1720"]
[BlackElo "1764"]
[PlyCount "28"]

1. e4 c5 2. Nf3 Nc6 3. d4 cxd4 4. Nxd4 e5 5. Nf3 Nf6 6. Nc3 Bb4 7. Bd2 Bxc3 8.
Bxc3 Nxe4 9. Bxe5 Nxe5 10. Nxe5 Qa5+ 11. c3 Qxe5 12. Bc4 Nxc3+ 13. Be2 Nxd1 14.
Rxd1 O-O 0-1

[Event "Tournoi Skype 015A"]
[Site "Skype"]
[Date "????.??.??"]
[Round "6.8"]
[White "Rico Hernandez, Edgar"]
[Black "Ergin, Ahmet"]
[Result "1-0"]
[WhiteElo "1892"]
[BlackElo "1746"]
[PlyCount "95"]

1. d4 d5 2. c4 e5 3. dxe5 d4 4. Nf3 Nc6 5. Bf4 Nge7 6. h3 Ng6 7. Bg3 Bb4+ 8.
Nbd2 O-O 9. a3 Be7 10. Nb3 f6 11. Nbxd4 Ncxe5 12. e3 c5 13. Nb5 Qa5+ 14. Qd2
Nxf3+ 15. gxf3 Qxd2+ 16. Kxd2 Rd8+ 17. Ke2 Be6 18. b3 Bd7 19. Nc7 Rac8 20. Nd5
Bc6 21. Rd1 Rd7 22. Bg2 Rcd8 23. f4 f5 24. Rd2 Bd6 25. Rhd1 Nf8 26. Bh4 Re8 27.
Nf6+ gxf6 28. Bxc6 bxc6 29. Rxd6 Rb7 30. Bxf6 Ne6 31. Be5 Rxb3 32. Rxc6 Rxa3
33. Rdd6 Kf7 34. Ra6 Rxa6 35. Rxa6 Re7 36. Bb8 Nd4+ 37. Kf1 Nb3 38. Ke1 Rd7 39.
Rxa7 Rxa7 40. Bxa7 Ke7 41. Ke2 Kd6 42. Bb8+ Ke6 43. f3 Na5 44. Ba7 Kd6 45. Bb8+
Ke6 46. Kd3 Nc6 47. Bc7 Nb4+ 48. Kc3 1-0

[Event "Tournoi Skype 015A"]
[Site "Skype"]
[Date "????.??.??"]
[Round "6.9"]
[White "Auger, Bertrand"]
[Black "Baue, Michel"]
[Result "1-0"]
[WhiteElo "2042"]
[BlackElo "1700"]
[PlyCount "41"]

1. Nf3 Nf6 2. g3 g6 3. b4 Bg7 4. Bb2 O-O 5. Bg2 d5 6. O-O c6 7. d3 Nbd7 8. Nbd2
Re8 9. c4 Nb6 10. Qc2 Be6 11. c5 Nbd7 12. Nd4 Nf8 13. N2f3 Qc7 14. Ng5 Bd7 15.
e4 Ne6 16. Ndxe6 Bxe6 17. Nxe6 fxe6 18. Bh3 Kf7 19. f4 Rf8 20. Qe2 Rad8 21.
exd5 1-0

[Event "Tournoi Skype 015A"]
[Site "Skype"]
[Date "????.??.??"]
[Round "6.10"]
[White "Holtz, Steve"]
[Black "Brun, Jacques"]
[Result "0-1"]
[WhiteElo "1499"]
[BlackElo "1821"]
[PlyCount "56"]

1. d4 g6 2. Nf3 Bg7 3. e4 c5 4. Nc3 cxd4 5. Nxd4 Nc6 6. Ndb5 a6 7. Na3 b5 8.
Nd5 e6 9. Ne3 Nf6 10. Bd3 Bb7 11. O-O Ne5 12. Kh1 Bxe4 13. Bxe4 Nxe4 14. Qd4 d5
15. f4 Qh4 16. g3 Nxg3+ 17. Kg2 Nxf1 18. Nxf1 O-O 19. Be3 Ng4 20. Qd2 Nxe3+ 21.
Qxe3 Bh6 22. c3 Bxf4 23. Qb6 Qg4+ 24. Kh1 Rfc8 25. Qb7 Qf3+ 26. Kg1 h5 27. b4
Qxc3 28. Rd1 Qxa3 0-1

[Event "Tournoi Skype 015A"]
[Site "Skype"]
[Date "????.??.??"]
[Round "6.11"]
[White "Casey, Eamonn"]
[Black "Mulrooney, Justin"]
[Result "0-1"]
[WhiteElo "1780"]
[BlackElo "1663"]
[PlyCount "42"]

1. d4 Nf6 2. c4 g6 3. Nc3 d5 4. cxd5 Nxd5 5. e4 Nxc3 6. bxc3 Bg7 7. Ne2 O-O 8.
Bf4 c5 9. g3 cxd4 10. cxd4 Nc6 11. Be3 Bg4 12. e5 Bf3 13. Rg1 Qa5+ 14. Bd2 Qd5
15. Be3 Rfd8 16. Qd2 Bxe2 17. Bxe2 Nxd4 18. Bxd4 Bxe5 19. Rb1 Bxd4 20. Qc2 Rac8
21. Qa4 Qf5 0-1

[Event "Tournoi Skype 015A"]
[Site "Skype"]
[Date "????.??.??"]
[Round "6.12"]
[White "Meyer, Eric"]
[Black "Grib, Johannes"]
[Result "1-0"]
[WhiteElo "1747"]
[BlackElo "1480"]
[PlyCount "67"]

1. d4 Nf6 2. c4 e6 3. Nc3 c6 4. Nf3 d5 5. e3 Bb4 6. Qb3 Ba5 7. Bd2 Nbd7 8. a3
O-O 9. Qc2 Bxc3 10. Bxc3 Ne4 11. cxd5 cxd5 12. Bb4 Re8 13. Nd2 Ndf6 14. Bd3 g6
15. Nxe4 Nxe4 16. O-O Bd7 17. Rfc1 Rc8 18. Qb3 a5 19. Be1 b5 20. Rxc8 Qxc8 21.
Bxa5 Bc6 22. Bb4 Qd8 23. Rc1 Qf6 24. f3 Qg5 25. Be2 e5 26. fxe4 exd4 27. Rxc6
Rxe4 28. Bd2 Qf5 29. Bf3 dxe3 30. Bxe3 Rc4 31. Rxc4 dxc4 32. Qd1 Qf6 33. Qd5
Qxb2 34. Qd8+ 1-0

[Event "Tournoi Skype 015A"]
[Site "Skype"]
[Date "????.??.??"]
[Round "6.13"]
[White "Karia, Vijay"]
[Black "Murgia, Stefano"]
[Result "0-1"]
[WhiteElo "1634"]
[BlackElo "1691"]
[PlyCount "40"]

1. e4 e5 2. Bc4 Nf6 3. d3 c6 4. Nf3 Be7 5. Nxe5 Qa5+ 6. Nc3 Qxe5 7. O-O O-O 8.
Ne2 d5 9. exd5 cxd5 10. Bb3 Nc6 11. c3 d4 12. Bd2 Bc5 13. Ng3 Bg4 14. Qc2 Rac8
15. h3 dxc3 16. bxc3 Qxg3 17. d4 Nxd4 18. cxd4 Bxd4 19. Qb1 Bf3 20. Bxf7+ Rxf7
0-1

[Event "Tournoi Skype 015A"]
[Site "Skype"]
[Date "????.??.??"]
[Round "6.14"]
[White "Engstrom, Olle"]
[Black "Kruzeniski, Randy"]
[Result "1-0"]
[WhiteElo "1678"]
[BlackElo "1547"]
[PlyCount "77"]

1. e4 c5 2. Nf3 e6 3. d4 cxd4 4. Nxd4 Nf6 5. Bd3 a6 6. O-O Nc6 7. Nb3 e5 8. Nc3
Be7 9. Qe2 O-O 10. f4 d6 11. f5 Nb4 12. g4 Nxd3 13. cxd3 h6 14. h4 Nh7 15. g5
hxg5 16. hxg5 Bxg5 17. Qh5 Bxc1 18. Raxc1 Qg5+ 19. Qxg5 Nxg5 20. Rc2 Nh3+ 21.
Kh1 f6 22. Nd5 Kf7 23. Rc7+ Kg8 24. Ne7+ Kh7 25. Rf3 Ng5 26. Rf2 Nf7 27. Ng6
Kg8 28. Rfc2 Re8 29. Ne7+ Rxe7 30. Rxe7 Bxf5 31. exf5 b6 32. Rcc7 Rf8 33. Nd2
d5 34. Nf3 e4 35. dxe4 dxe4 36. Nd4 e3 37. Rxe3 Ne5 38. Ne6 Ng4 39. Rxg7+ 1-0

[Event "Tournoi Skype 015A"]
[Site "Skype"]
[Date "????.??.??"]
[Round "6.16"]
[White "Trivedi, Viral"]
[Black "Fouquereau, Andre"]
[Result "0-1"]
[WhiteElo "1551"]
[BlackElo "1515"]
[PlyCount "54"]

1. e4 e5 2. Nf3 d6 3. Bc4 Be7 4. O-O Nf6 5. Nc3 c6 6. d3 O-O 7. Ng5 Bg4 8. Nxf7
Rxf7 9. Bxf7+ Kxf7 10. Qd2 Kg8 11. h3 Bh5 12. f4 Nbd7 13. g4 Bxg4 14. hxg4 Nxg4
15. fxe5 Ndxe5 16. Qg2 Qd7 17. d4 Nc4 18. d5 Nce3 19. Bxe3 Nxe3 20. Qf2 Nxf1
21. Rxf1 Rf8 22. Qe2 Rxf1+ 23. Kxf1 Qh3+ 24. Kg1 Bf6 25. dxc6 bxc6 26. Qc4+ Kf8
27. Qxc6 Bd4# 0-1

[Event "Tournoi Skype 015A"]
[Site "Skype"]
[Date "????.??.??"]
[Round "6.17"]
[White "Antonic, Nenad"]
[Black "Segura Lozano, Marcos Antonio"]
[Result "0-1"]
[WhiteElo "1527"]
[BlackElo "1883"]
[PlyCount "66"]

1. d4 Nf6 2. Nf3 g6 3. e3 Bg7 4. Nbd2 d5 5. Bd3 O-O 6. O-O c5 7. c3 Qc7 8. h3
Nc6 9. e4 cxd4 10. cxd4 e5 11. dxe5 Nxe5 12. Nxe5 Qxe5 13. exd5 Nxd5 14. Nc4
Qc7 15. Rb1 Be6 16. Ne3 Nf4 17. Be2 Rfd8 18. Bd2 Rd6 19. Rc1 Qd7 20. g3 Nxh3+
21. Kh2 Rxd2 22. Qe1 Ng5 23. f3 Bxa2 24. f4 Qh3+ 25. Kg1 Ne4 26. Rf3 Rad8 27.
g4 Qh6 28. Rd1 Bxb2 29. Rxd2 Nxd2 30. Rf2 Ne4 31. Rg2 Qxf4 32. Bf1 Bd4 33. Qa5
Bxe3+ 0-1

[Event "Tournoi Skype 015A"]
[Site "Skype"]
[Date "????.??.??"]
[Round "6.18"]
[White "Montenegro, Juan Carlos"]
[Black "Dal, Ibrahim"]
[Result "1-0"]
[WhiteElo "1499"]
[BlackElo "1748"]
[PlyCount "109"]

1. e4 c6 2. d4 d5 3. exd5 cxd5 4. Bd3 Nc6 5. c3 Nf6 6. h3 Qc7 7. Nf3 g6 8. O-O
Bf5 9. Bg5 Ne4 10. Bh4 Nd6 11. Re1 Bxd3 12. Qxd3 e6 13. Nbd2 Bg7 14. Nf1 Nf5
15. Bg5 a6 16. Ne3 Nxe3 17. Rxe3 O-O 18. Rae1 Na5 19. Nd2 Rac8 20. Rf3 Nc4 21.
Nxc4 Qxc4 22. Qb1 b5 23. h4 h6 24. Bf4 h5 25. Rg3 Kh7 26. Rxe6 Kh8 27. Re1 Rce8
28. Be5 Bxe5 29. Rxe5 Rxe5 30. dxe5 Qxh4 31. e6 Qe7 32. exf7 Qxf7 33. Qxg6 Qxg6
34. Rxg6 Re8 35. Kf1 d4 36. cxd4 Rd8 37. Rh6+ Kg7 38. Rxh5 Rxd4 39. Rh3 b4 40.
a3 Rd2 41. Rb3 bxa3 42. bxa3 a5 43. Rb5 a4 44. Ra5 Kf6 45. Rxa4 Ke5 46. Ra8 Ra2
47. g3 Ke4 48. Kg2 Kd5 49. a4 Kc6 50. g4 Kb7 51. Ra5 Kb6 52. Rb5+ Kc6 53. Rb4
Kc5 54. Rf4 Re2 55. Kg3 1-0

[Event "Tournoi Skype 015A"]
[Site "Skype"]
[Date "????.??.??"]
[Round "6.21"]
[White "Prasad Singh, Ambika"]
[Black "Malbec, Robert"]
[Result "0-1"]
[WhiteElo "1595"]
[BlackElo "1510"]
[PlyCount "110"]

1. e4 e5 2. Nf3 Nc6 3. Bc4 Bc5 4. O-O Nf6 5. d4 Bxd4 6. Nxd4 Nxd4 7. f4 d6 8.
c3 Nc6 9. Nd2 O-O 10. Nf3 Bg4 11. Qe1 Qd7 12. fxe5 dxe5 13. Bg5 Qe7 14. Rd1
Bxf3 15. gxf3 h6 16. Be3 Nh5 17. Kh1 Nf4 18. Rg1 Kh7 19. Rg4 f5 20. exf5 Rxf5
21. Bxf4 Rxf4 22. Rxf4 exf4 23. Qxe7 Nxe7 24. Rd7 Nf5 25. Rxc7 b6 26. Bd3 Kg6
27. h4 Kf6 28. Rc6+ Ke5 29. h5 Nh4 30. Be4 Rb8 31. Rc7 a5 32. Rxg7 Rd8 33. Rg4
Rd1+ 34. Rg1 Rd2 35. Rg4 Nf5 36. Rg2 Ng3+ 37. Kh2 Rxg2+ 38. Kxg2 Nxh5 39. a4
Ng3 40. Bc6 Kd6 41. Ba8 Kc5 42. b3 Ne2 43. Kh3 Nxc3 44. Kg4 Ne2 45. Kh5 Kd4 46.
Kxh6 Ke3 47. Kg5 Nd4 48. Bd5 Nxf3+ 49. Kg4 Nd2 50. Kh3 Ne4 51. Kg2 f3+ 52. Kf1
Ng3+ 53. Ke1 f2+ 54. Kd1 f1=Q+ 55. Kc2 Qd3+ 0-1

[Event "Tournoi Skype 015A"]
[Site "Skype"]
[Date "????.??.??"]
[Round "6.22"]
[White "Yardimci, Ertan"]
[Black "L'Herbon De Lussats, Jean"]
[Result "1/2-1/2"]
[WhiteElo "1515"]
[BlackElo "1466"]
[PlyCount "102"]

1. e4 c5 2. Nf3 Nc6 3. d4 cxd4 4. Nxd4 a6 5. Nc3 e6 6. Bd3 Bc5 7. Nb3 Ba7 8. a3
Qf6 9. O-O Nge7 10. Nd2 d5 11. exd5 exd5 12. Nf3 O-O 13. Bg5 Qd6 14. Qd2 f5 15.
Bf4 Qg6 16. Rfe1 b5 17. Ne5 Nxe5 18. Rxe5 Qf7 19. Bf1 Bb7 20. Ree1 Rad8 21. Ne2
Qg6 22. Nd4 Nc6 23. Ne6 Qf6 24. Nxd8 Nxd8 25. c3 d4 26. Be5 Qh4 27. Bxd4 Bxd4
28. Qxd4 f4 29. Qd7 Qg5 30. Qe7 Qg6 31. Qh4 Bxg2 32. Bxg2 f3 33. Qg3 fxg2 34.
Qxg6 hxg6 35. Kxg2 Nf7 36. Rad1 Nh6 37. Rd6 Rf6 38. Rxf6 gxf6 39. Re6 Kf7 40.
Rxa6 Nf5 41. Ra7+ Ke6 42. Rb7 Nh4+ 43. Kg3 Nf5+ 44. Kf4 g5+ 45. Ke4 Nd6+ 46.
Kd4 Nxb7 47. c4 Nd6 48. c5 Nc4 49. Kc3 Kd5 50. Kb4 Kc6 51. b3 Nb2 1/2-1/2

[Event "Tournoi Skype 015A"]
[Site "Skype"]
[Date "????.??.??"]
[Round "6.23"]
[White "Bendre, Pankaj"]
[Black "Aranzubia, Desiderio"]
[Result "1/2-1/2"]
[WhiteElo "1672"]
[BlackElo "1499"]
[PlyCount "51"]

1. d4 d5 2. c4 e6 3. Nc3 Nf6 4. cxd5 exd5 5. a3 c6 6. Bg5 Nbd7 7. Nf3 h6 8. Bh4
Be7 9. h3 O-O 10. e3 Qc7 11. Bg3 Bd6 12. Bxd6 Qxd6 13. Bd3 Re8 14. O-O a6 15.
Qc2 c5 16. Rac1 c4 17. Be2 Nb8 18. b3 b5 19. a4 cxb3 20. Qxb3 b4 21. Na2 a5 22.
Bb5 Bd7 23. Bxd7 Nbxd7 24. Rc2 Ne4 25. Rfc1 Nb6 26. Rc6 1/2-1/2

[Event "Tournoi Skype 015A"]
[Site "Skype"]
[Date "????.??.??"]
[Round "6.24"]
[White "Saponara, Jose Maria"]
[Black "Mordaa, Ahmad"]
[Result "1/2-1/2"]
[WhiteElo "1482"]
[BlackElo "1418"]
[PlyCount "89"]

1. d4 Nf6 2. c4 e5 3. d5 Bc5 4. e3 d6 5. Nc3 a6 6. Be2 Bf5 7. Nf3 Bb4 8. Qb3
Bxc3+ 9. bxc3 b6 10. O-O Nbd7 11. Nh4 Nc5 12. Qd1 Bd7 13. a4 Nfe4 14. g3 Nxc3
15. Qd2 N3e4 16. Qc2 Bh3 17. Ng2 O-O 18. f3 Bxg2 19. Kxg2 Nf6 20. e4 Qd7 21.
Bg5 Qe7 22. a5 Rfb8 23. Rfb1 h6 24. Be3 Qd7 25. g4 Kh7 26. h4 h5 27. Bg5 hxg4
28. Bxf6 gxf3+ 29. Bxf3 gxf6 30. Rg1 Rg8+ 31. Kh2 Rxg1 32. Rxg1 Rg8 33. Rxg8
Kxg8 34. axb6 cxb6 35. h5 a5 36. Qb1 Qd8 37. Bg4 a4 38. Bf5 Kf8 39. h6 Ke7 40.
h7 Qf8 41. Qg1 Qh6+ 42. Kg2 Qg5+ 43. Kh1 Qh4+ 44. Qh2 Qe1+ 45. Qg1 1/2-1/2